Tudósítás Hunfalvy Pál kézirati hagyatékáról

Elmentve itt :
Bibliográfiai részletek
Szerző: Kozmács István
További közreműködők: Hunfalvy Pál
Dokumentumtípus: Cikk
Megjelent: 1988
Sorozat:Acta Universitatis Szegediensis : sectio ethnographica et linguistica = néprajz és nyelvtudomány = étnografiâ i azykoznanie = Volkskunde und Sprachwissenschaft 31-32
Kulcsszavak:Kéziratok - magyar - 19. sz.
Tárgyszavak:
Online Access:http://acta.bibl.u-szeged.hu/3708
LEADER 00897nab a2200229 i 4500
001 acta3708
005 20220908090415.0
008 161015s1988 hu o 0|| hun d
022 |a 0586-3716 
040 |a SZTE Egyetemi Kiadványok Repozitórium  |b hun 
041 |a hun 
041 |a ger 
100 1 |a Kozmács István 
245 1 0 |a Tudósítás Hunfalvy Pál kézirati hagyatékáról  |h [elektronikus dokumentum] /  |c  Kozmács István 
260 |c 1988 
300 |a 115-122 
490 0 |a Acta Universitatis Szegediensis : sectio ethnographica et linguistica = néprajz és nyelvtudomány = étnografiâ i azykoznanie = Volkskunde und Sprachwissenschaft  |v 31-32 
650 4 |a Bölcsészettudományok 
650 4 |a Nyelvek és irodalom 
695 |a Kéziratok - magyar - 19. sz. 
700 0 1 |a Hunfalvy Pál 
856 4 0 |u http://acta.bibl.u-szeged.hu/3708/1/etno_lingu_031_032_115-122.pdf  |z Dokumentum-elérés